01106nam a22002417a 4500999001500000003000900015008004100024040007100065082003100136100002000167245004200187260003600229300002600265505021700291650002800508650002200536650002300558700004000581942001600621945000800637952010400645952011500749 c9746d9746AR-CdUCM190328b ||||| |||| 00| 0 spa d aMUNICIPALIDAD PROVINCIAL DEL CUSCOcBIBLIOTECA MUNICIPAL DEL CUSCO 22ed.a372.3 /bP49 / 1947. aPfister, Oskar  aEl Psicoanálisis y la Educación / aBuenos Aires :bLosada ;c1947. a196 páginas ;c21cm aContenido: Deber que tiene el educador de ocuparse del psicoanálisis -- La justificación científica y las exigencias de una pedagogía psicoanalítica -- La práctica de la educación psicoanalítica  aPsicoanálisis 913022 aEducación 9460 aPedagogía 91560 aSalas, José (traducción)926170 2ddccLIBROS anom 002ddc4070aSCAbSCAcCARTd2019-03-28g35.00o372.3 / P49 / 1947pSCA0000362r2019-03-28yLIBROS 002ddc4070aSCAbSCAcCARTd2019-04-09g35.00o372.3 / P49 / 1947 / e.2pSCA0002443r2019-04-09te.2yLIBROS